00653nam a2200241 a 4500001001300000003000900013005001700022008004100039020001000080082001300090100001800103245003200121260004100153300000900194500003500203505001000238650001000248700001800258902000800276942000700284952010500291999001500396nice12345678IN_TiNIC20260116012927.0050524s1892 lona grp 000 0 eng  ac10000a954bMUL aMuller, F Max aIndia, What Can It Teach Us aLondonbLongmans, Green and Coc1892 a315p aincludes index and biblioraphy2 aIndex aIndia1 aMuller, F Max bSRS cBK 00104070aHMIbHMId2007-04-03g100.00l1o954 MULp13526r2017-11-24s2017-11-22w2026-01-16yEB c8928d8928